000 00485nam a22001577a 4500
003 OSt
005 20250818052559.0
008 250818b |||||||| |||| 00| 0 eng d
040 _aDWCL MAIN LIB
_cOC
082 _aCirc.
245 _aSignature dishes 2011 :
_b master piece from Manila's top chefs /
260 _aPhilippines :
_bHinge Inquirer,
_cc2011.
300 _a94 pages :
_bcolor illustrations ;
_c 22 cm.
648 _2Cooking, Philippines.
942 _2ddc
_cBK-CIRC
_kCirc.
_n0
999 _c4009
_d4009